|
|
|
|
| LEADER |
02063nam a2200577 4500 |
| 001 |
ocn808345271 |
| 003 |
OCoLC |
| 005 |
20170124070715.4 |
| 006 |
m o d |
| 007 |
cr cn||||||||| |
| 008 |
120109s2012 enka ob 001 0 eng d |
| 040 |
|
|
|a E7B
|b eng
|e pn
|c E7B
|d OCLCO
|d DG1
|d OCLCF
|d DEBBG
|d YDXCP
|d OCLCQ
|d COO
|d OCLCQ
|d LOA
|d GrThAP
|
| 019 |
|
|
|a 843098477
|
| 020 |
|
|
|a 9781119969020
|q (e-book)
|
| 020 |
|
|
|a 1119969026
|q (e-book)
|
| 020 |
|
|
|a 9781118673522
|
| 029 |
1 |
|
|a AU@
|b 000051628916
|
| 029 |
1 |
|
|a CHNEW
|b 000601771
|
| 029 |
1 |
|
|a DEBBG
|b BV040869239
|
| 029 |
1 |
|
|a DKDLA
|b 820120-katalog:000599885
|
| 029 |
1 |
|
|a NZ1
|b 15900557
|
| 029 |
1 |
|
|a DEBBG
|b BV043395003
|
| 035 |
|
|
|a (OCoLC)808345271
|z (OCoLC)843098477
|
| 041 |
1 |
|
|a eng
|h fre
|
| 050 |
|
4 |
|a HG4515.2
|b .B67 2012eb
|
| 082 |
0 |
4 |
|a 332.64/57
|2 23
|
| 049 |
|
|
|a MAIN
|
| 100 |
1 |
|
|a Bossu, Sébastien.
|
| 240 |
1 |
0 |
|a Finance des marchés.
|l English
|
| 245 |
1 |
3 |
|a An introduction to equity derivatives :
|b theory and practice /
|c Sebastien Bossu, Philippe Henrotte.
|
| 250 |
|
|
|a 2nd ed.
|
| 264 |
|
1 |
|a Chichester, West Sussex, U.K. :
|b Wiley,
|c 2012.
|
| 300 |
|
|
|a 1 online resource (xvi, 230 pages :) :
|b illustrations.
|
| 336 |
|
|
|a text
|b txt
|2 rdacontent
|
| 337 |
|
|
|a computer
|b c
|2 rdamedia
|
| 338 |
|
|
|a online resource
|b cr
|2 rdacarrier
|
| 490 |
1 |
|
|a Wiley finance
|
| 504 |
|
|
|a Includes bibliographical references and index.
|
| 505 |
0 |
|
|a pt. 1. Building blocks -- pt. 2. First steps in equity derivatives -- pt. 3. Advanced models and techniques.
|
| 650 |
|
0 |
|a Investments
|x Mathematical models.
|
| 650 |
|
0 |
|a Derivative securities.
|
| 650 |
|
7 |
|a Derivative securities.
|2 fast
|0 (OCoLC)fst00891019
|
| 650 |
|
7 |
|a Investments
|x Mathematical models.
|2 fast
|0 (OCoLC)fst00978277
|
| 655 |
|
4 |
|a Electronic books.
|
| 655 |
|
7 |
|a Electronic books.
|2 local
|
| 700 |
1 |
|
|a Henrotte, Philippe.
|
| 776 |
0 |
|
|z 9781119961857
|
| 776 |
0 |
|
|z 9781119969020
|
| 830 |
|
0 |
|a Wiley finance series.
|
| 856 |
4 |
0 |
|u https://doi.org/10.1002/9781118673522
|z Full Text via HEAL-Link
|
| 994 |
|
|
|a 92
|b DG1
|